Encuesta epidemiológica sobre coronacirus porcinos en la región de Murcia, mediante la técnica E.L.I.S.A. con antígeno concentrado de virus de la gastroenteritis transmisible

Furkejuvvon:
Bibliográfalaš dieđut
Váldodahkki: Cubero Pablo, María José (Dahkki)
Materiálatiipa: Girji
Giella:eaŋgalasgiella
espánnjágiella
Almmustuhtton: Murcia Secretariado de Publicaciones e Intercambio Científico, Universidad de Murcia 1991
Ráidu:Tesis Doctorales
Fáttát:
Fáddágilkorat: Lasit fáddágilkoriid
Eai fáddágilkorat, Lasit vuosttaš fáddágilkora!

MARC

LEADER 00000nam a2200000 a 4500
001 UCM0383
003 CL-VaPUC
008 020125e19910000SP |||||||||||||||||eng|d
041 0 7 |a eng  |2 CL-VaPUC 
041 0 7 |a spa  |2 CL-VaPUC 
082 0 4 |a 636.4  |b CUB  |2 21 
100 0 |a Cubero Pablo, María José  |e author  |9 467129 
245 1 0 |a Encuesta epidemiológica sobre coronacirus porcinos en la región de Murcia, mediante la técnica E.L.I.S.A. con antígeno concentrado de virus de la gastroenteritis transmisible 
300 |a pág. irreg 
942 |c BK 
945 |d 20020125 00:00:00  |a crobeson 
260 |a Murcia  |b Secretariado de Publicaciones e Intercambio Científico, Universidad de Murcia  |c 1991 
650 7 |a CERDOS  |2 CL-VaPUC  |9 264474 
650 0 |a Enfermedades  |9 263059 
650 7 |a GASTROENTERITIS PORCINA  |2 CL-VaPUC  |9 467130 
583 |a last modification  |c 20190801 06:54:53  |k Rodrigo Vera 
490 0 |a Tesis Doctorales 
999 |c 299304  |d 299302